| 000 | 00623nam a2200205 a 4500 | ||
|---|---|---|---|
| 005 | 20240924071459.0 | ||
| 008 | 010615s2000 r 000 0 eng d | ||
| 020 | _a8420679437 | ||
| 035 | _aUPN01000108389 | ||
| 049 | _aCG | ||
| 050 | 4 |
_aLB1060 _bP6.4 |
|
| 100 | 1 |
_aPozo Municio, Juan Ignacio _929582 |
|
| 245 | 1 | 0 |
_aAprendices y maestros : _bla nueva cultura del aprendizaje / _cJuan Ignacio Pozo Municio. |
| 260 |
_aMadrid, Esp. : _bAlianza, _c2000. |
||
| 300 | _a383 p. | ||
| 650 | 4 |
_aAprendizaje _92861 |
|
| 650 | 2 |
_aMétodos de enseñanza _95706 |
|
| 650 | 4 |
_aMaestros _xFormación profesional _9804 |
|
| 905 | _aLibro | ||
| 999 |
_c82301 _d82301 |
||